header

The unique necklace (Record no. 185658)

MARC details
000 -LEADER
fixed length control field 01723nam a2200409 a 4500
100 1# - MAIN ENTRY--AUTHOR NAME
Personal name Ibn 'Abd Rabbi.
245 14 - TITLE STATEMENT
Title The unique necklace
250 ## - EDITION STATEMENT
Edition statement 1st ed.
260 ## - PUBLICATION, DISTRIBUTION, ETC. (IMPRINT)
Place of publication Reading, U.K. :
Name of publisher Garnet Pub.,
Year of publication 2011.
300 ## - PHYSICAL DESCRIPTION
Number of Pages x, 317 p.
490 1# - SERIES STATEMENT
Series statement Unique necklace ;
Series statement Great books of Islamic civilization
500 ## - GENERAL NOTE
General note At head of title: Muhammad b. Hamad Al-Thani Center for Muslim Contribution to Civilization.
650 #0 - SUBJECT ADDED ENTRY--TOPICAL TERM
Topical Term Arabic literature
Topical Term Islamic literature
700 1# - ADDED ENTRY--PERSONAL NAME
Personal name Boullata, Issa J.,
Personal name DeYoung, Terri.
856 40 - ELECTRONIC LOCATION AND ACCESS
Uniform Resource Identifier http://site.ebrary.com/lib/rucke/Doc?id=10583786

No items available.

© 2026 Rongo University
Contact us: librarian | system librarian | Rongo university